STN EN 60079-20-1: 2010 (33 2320) Výbušné atmosféry Časť 20-1 Vlastnosti látok na klasifikovanie plynov a pár. Skúšobné metódy a údaje

Táto norma je slovenskou verziou európskej normy EN Preklad zabezpečil Slovenský ústav technickej normalizácie. Má rovnaké postavenie ako majú oficiálne verzie

Bibliographic Details
Corporate Author: PT Servis (Bratislava, Slovensko) (Author)
Other Authors: Studničná, Konštantína (Translator)
Format: Book
Language:Slovak
English
PhysicalDescription:76 s. obr., tab. 30 cm
Published: Bratislava Slovenský ústav technickej normalizácie 2010
Subjects:

MARC

LEADER 00000nam a2200000 a 4500
001 vtls010187256
003 SK-MaSNL
005 20260302011444.0
008 160627s2010 xo ka f u 000 0 slo
015 |a SNBN2011/03-02029 
020 |c (cen. skup. 17) 
040 |a SNK  |b slo  |c SNK  |e AACR2 
041 1 |a slo  |h eng 
044 |a xo  |c SK 
046 |a s  |m 201011 (účin.) 
072 7 |a 621  |x Strojárstvo  |2 konspekt 
072 7 |a 614.8  |x Úrazy a ich prevencia  |2 konspekt 
080 |a 621.6.028  |2 2001 
080 |a 621.316.17  |2 2001 
080 |a 006.7/.8  |2 2001 
080 |a (437.6)  |2 2001 
080 |a (4)  |2 2001 
080 |a 614.834  |2 2001 
084 |a 29.260.20  |2 ICS 
130 0 |a STN 33 2320 (STN EN 60079-20-1)  |9 651941 
245 1 0 |a STN EN 60079-20-1: 2010 (33 2320) Výbušné atmosféry  |n Časť 20-1  |p Vlastnosti látok na klasifikovanie plynov a pár. Skúšobné metódy a údaje  |c spracovateľ PT Servis Bratislava, Konštantína Studničná 
246 1 0 |a Výbušné atmosféry. Časť 20-1 
246 1 0 |a Vlastnosti látok na klasifikovanie plynov a pár 
246 1 0 |a Skúšobné metódy a údaje 
246 3 0 |a EN 60079-20-1: 2010 E 
260 |a Bratislava  |b Slovenský ústav technickej normalizácie  |c 2010 
300 |a 76 s.  |b obr., tab.  |c 30 cm 
500 |a Súbežný názov v angličtine, francúzštine, nemčine 
504 |a Citované normy, súvisiace právne predpisy s. 2 ; literatúra s. 72 
520 8 |a Táto norma je slovenskou verziou európskej normy EN Preklad zabezpečil Slovenský ústav technickej normalizácie. Má rovnaké postavenie ako majú oficiálne verzie 
540 |a STN vydané na akomkoľvek nosiči sa môžu rozmnožovať a rozširovať iba so súhlasom určenej právnickej osoby  |b SÚTN Bratislava  |c zákon 264/1999 Z.z. 
650 0 7 |a výbušné atmosféry  |2 SVKBBPH  |9 321526 
650 0 7 |a elektrické zariadenia  |2 SVKBBPH  |9 3916 
650 0 7 |a technické normy a štandardy  |z Slovensko  |2 SVKBBPH  |9 79594 
650 0 7 |a technické normy a štandardy  |z krajiny Európskej únie  |2 SVKBBPH  |9 289341 
655 7 |a normy  |2 SVKBBPH  |9 70643 
700 1 |a Studničná, Konštantína  |4 trl  |9 320603 
710 2 |a PT Servis (Bratislava, Slovensko)  |4 aut  |9 321136 
710 2 |a Slovenský ústav technickej normalizácie (Bratislava, Slovensko)  |b TK 86 Zariadenia a ochranné systémy do potenciálne výbušných atmosfér  |4 stn  |9 321676 
852 |a Štátna vedecká knižnica v Banskej Bystrici 
958 |a OP 
958 |a NB 
999 |c 1006213  |d 1008143 
952 |a SNK  |b SNK  |y PREZ  |7 0  |p 17A0680943  |o snkSTN EN 60079-20-1  |i snk2010/25982  |8 0  |0 0  |1 0  |4 0  |d 2010-11-24  |l 0  |r 2026-02-24 12:35:35  |w 2026-02-24 
952 |a SNK  |b SNK  |y PREZ  |7 0  |p 17A0680942  |o snkSTN EN 60079-20-1 D1  |i snk2010/25983  |8 0  |0 0  |1 0  |4 0  |d 2010-11-24  |l 0  |r 2026-02-24 12:35:35  |w 2026-02-24